5HLuxD.jpg

KING HENRY VIII SENIOR AND PRIMARY SCHOOL LIBRARY OPAC

Peppa Pig: (Record no. 2384)

000 -LEADER
fixed length control field 00824nam a22002417a 4500
005 - DATE AND TIME OF LATEST TRANSACTION
control field 20230503112954.0
008 - FIXED-LENGTH DATA ELEMENTS--GENERAL INFORMATION
fixed length control field 230503b ||||| |||| 00| 0 eng d
020 ## - INTERNATIONAL STANDARD BOOK NUMBER
International Standard Book Number 9780241378229
040 ## - CATALOGING SOURCE
Transcribing agency KH8
082 ## - DEWEY DECIMAL CLASSIFICATION NUMBER
Classification number 823.92 AST
100 ## - MAIN ENTRY--PERSONAL NAME
Personal name Astley, Neville
Relator term Authors
245 ## - TITLE STATEMENT
Title Peppa Pig:
Remainder of title Peppa goes skiing /
Statement of responsibility, etc. Neville Astley
260 ## - PUBLICATION, DISTRIBUTION, ETC.
Place of publication, distribution, etc. London,
Name of publisher, distributor, etc. Ladybird,
Date of publication, distribution, etc. 2003
300 ## - PHYSICAL DESCRIPTION
Extent 24 unnumbered pages :
Other physical details chiefly color illustrations ;
Dimensions 25 cm
440 ## - SERIES STATEMENT/ADDED ENTRY--TITLE
Title Peppa Pig
500 ## - GENERAL NOTE
General note "Based on the TV series Peppa Pig."<br/>"Peppa Pig is created by Neville Astley and Mark Baker."
521 ## - TARGET AUDIENCE NOTE
Target audience note <br/>Fiction
650 ## - SUBJECT ADDED ENTRY--TOPICAL TERM
Topical term or geographic name entry element Fiction
650 ## - SUBJECT ADDED ENTRY--TOPICAL TERM
Topical term or geographic name entry element Peppa Pig (Fictitious character)
650 ## - SUBJECT ADDED ENTRY--TOPICAL TERM
Topical term or geographic name entry element Peppa Pig (Fictitious character)
Form subdivision Pictorial works
General subdivision Juvenile fiction
700 ## - ADDED ENTRY--PERSONAL NAME
Personal name Mark Baker
Relator term Creator
942 ## - ADDED ENTRY ELEMENTS (KOHA)
Source of classification or shelving scheme
Koha item type Books - Fiction
Holdings
Withdrawn status Lost status Source of classification or shelving scheme Damaged status Not for loan Collection code Permanent Location Current Location Shelving location Date acquired Total Checkouts Full call number Barcode Date last seen Date last checked out Price effective from Koha item type
          Fiction KH8 Primary School Library KH8 Primary School Library Non Fiction 2023-05-03 14 823.92 AST KHPL000004132 2026-02-03 2026-01-20 2023-05-03 Books - Fiction

Powered By KH8 IT Dept